00967nam a2200217 a 4500003000400000005001700004008004100021040002400062245017700086260009800263300003400361650003200395650001900427650003900446650002700485710007500512856005400587942001500641999001500656952007800671OSt20171025135504.0171025s2015 spc||||gs|||||0|| ||cat|d aES-BaCBUbcatcCDMR03aEl Tractament de la prostitució i el tràfic d'èssers humans amb finalitat d'explotació sexual als mitjans de comunicacióh[Recurs electrònic] :bRecomanacions  aBarcelona :bAjuntament de Barcelona. Àrea de Qualitat de Vida, Igualtat i Esports,c[2015] a1 recurs electrònic (48 p.)07aTràfic de persones2lemac04aProstitució 04aMitjans de comunicació de massa 04aÈtica periodística1 aBarcelona (Catalunya).bÀrea de Qualitat de Vida, Igualtat i Esports40zAccés lliureuhttp://hdl.handle.net/11703/91248 cRECURS_WEB c7073d7073 00104070aCDMRbCDMRd2017-10-25l0r2017-10-25w2017-10-25yRECURS_WEB